Statistiken für Länder, die St. Lucia am nächsten liegen

Klicken Sie hier um das Quiz zu spielen!

Allgemein

  • Dieses Quiz wurde 138 mal gespielt
  • Das Durchschnittsergebnis liegt bei 16 aus 20

Antwortstatistiken

kmLand% Korrekt
1554Kuba
94%
942Haiti
93%
42St. Vincent und
die Grenadinen
93%
141Grenada
92%
267Trinidad und Tobago
92%
1503Bahamas
91%
129Dominica
91%
1676Jamaika
91%
930Dominikanische Republik
90%
673Venezuela
90%
145Barbados
89%
375St. Kitts und Nevis
89%
333Antigua und Barbuda
85%
585Guyana
83%
961Suriname
81%
1105Kolumbien
77%
942Brasilien
71%
965Aruba
30%
854Curaçao
29%
488Sint Maarten
13%

Verteilung der Resultate

Perzentil nach korrekt beantworteten Fragen

Anzahl Personen mit jedem Resultat

Ihre Resultats-Entwicklung

Sie haben dieses Quiz noch nicht gespielt